000 00185 a2200097 4500
001 5428
100 _aStarling,SG
245 _aPhysics
260 _a
_bLongmans
_c
090 _c4458
_d4458
942 _aNUST-CAE
_c
_c30776
999 _c240501
_d240501